[Event "April Standard"]
[Site "SchemingMind.com"]
[Date "2008.05.08"]
[Round "-"]
[White "sansubari"]
[Black "Luca Cassoni"]
[Result "1-0"]
[WhiteCountry "MAS"]
[BlackCountry "ITA"]
[WhiteElo "1672"]
[WhiteRD "92"]
[BlackElo "1317"]
[BlackRD "132"]
[GameID "153978"]

1. d4 e5 2. dxe5 Qe7 3. Nf3 Nc6 4. Bg5 Qb4+ 5. c3 Qxb2 6. Nbd2 Bc5 7. Qc1 Qb6 8. e3 d6 9. exd6 cxd6 10. Rb1 Qc7
11. Bb5 Ne7 12. Ne4 Bf5 13. Nfd2 h6 14. Bxe7 Kxe7 15. Rb3 a6 16. Bxc6 Qxc6 17. Nxc5 dxc5 18. O-O Rhd8 19. Qb2 b5 20. c4 Bd3
21. Rc1 bxc4 22. Nxc4 Bxc4 23. Rbc3 Rab8 24. Qa1 Bb5 25. Rxc5 Qg6 26. Rc7+ Kf8 27. h3 Bd7 28. Kh1 Rb6 29. Qd4
1-0

[Event "April Standard"]
[Site "SchemingMind.com"]
[Date "2008.05.08"]
[Round "-"]
[White "marble"]
[Black "sansubari"]
[Result "1-0"]
[WhiteCountry "ENG"]
[BlackCountry "MAS"]
[WhiteElo "1644"]
[WhiteRD "58"]
[BlackElo "1421"]
[BlackRD "109"]
[GameID "153980"]

1. e4 d5 2. exd5 Qxd5 3. Nc3 Qe5+ 4. Be2 c6 5. Nf3 Qa5 6. d4 Bg4 7. Ne5 Bxe2 8. Qxe2 e6 9. Bd2 Qd8 10. Qf3 Qf6
11. Qg3 h6 12. O-O Bd6 13. Ne4 Qe7 14. Qxg7 Bxe5 15. dxe5 Qf8 16. Qxh8 Nd7 17. Nd6+ Kd8 18. Qh7 Nxe5 19. Bb4 Kd7 20. Rad1 Ne7
21. Nf5+
1-0

[Event "April Standard"]
[Site "SchemingMind.com"]
[Date "2008.05.08"]
[Round "-"]
[White "Mitchell-in"]
[Black "sansubari"]
[Result "0-1"]
[WhiteCountry "ENG"]
[BlackCountry "MAS"]
[WhiteElo "1740"]
[WhiteRD "58"]
[BlackElo "1672"]
[BlackRD "92"]
[GameID "153981"]

1. e4 d5 2. exd5 Qxd5 3. Nc3 Qe5+ 4. Be2 c6 5. Nf3 Qa5 6. O-O Bf5 7. b4 Qc7 8. b5 e6 9. Nd4 Bg6 10. bxc6 Nxc6
11. Ncb5 Qd8 12. Nxc6 bxc6 13. Nc3 Nf6 14. d4 Bd6 15. Bg5 h6 16. Bh4 Qc7 17. h3 Bf5 18. Bf3 g5 19. Bg3 Bxg3 20. fxg3 Rb8
21. g4 Bg6 22. Qd2 O-O 23. Bxc6 Nxg4 24. Bf3 Qh2#
0-1

[Event "April Standard"]
[Site "SchemingMind.com"]
[Date "2008.05.08"]
[Round "-"]
[White "chessleon"]
[Black "sansubari"]
[Result "0-1"]
[WhiteCountry "NED"]
[BlackCountry "MAS"]
[WhiteElo "1495"]
[WhiteRD "80"]
[BlackElo "1672"]
[BlackRD "92"]
[GameID "153982"]

1. e4 d5 2. Nc3 dxe4 3. Nxe4 Bf5 4. Ng3 Bg6 5. d4 e6 6. Nf3 h6 7. Bd3 Bxd3 8. Qxd3 Nc6 9. c4 Bb4+ 10. Bd2 Nf6
11. O-O Bxd2 12. Qxd2 O-O 13. Rad1 a5 14. a3 b6 15. d5 exd5 16. cxd5 Ne7 17. d6 cxd6 18. Qxd6 Qxd6 19. Rxd6 Rab8 20. Rfd1 b5
21. b4 axb4 22. axb4 Rfc8 23. h3 Rc4 24. Rd8+ Rxd8 25. Rxd8+ Kh7 26. Ne5 Rxb4 27. Nxf7 Rb1+ 28. Kh2 b4 29. Rh8+ Kg6 30. Ne5+ Kg5
31. Re8 Nxe8
0-1

[Event "April Standard"]
[Site "SchemingMind.com"]
[Date "2008.05.08"]
[Round "-"]
[White "knightchaser"]
[Black "sansubari"]
[Result "1-0"]
[WhiteCountry "MAS"]
[BlackCountry "MAS"]
[WhiteElo "1926"]
[WhiteRD "122"]
[BlackElo "1421"]
[BlackRD "109"]
[GameID "153984"]

1. d4 d5 2. c4 Bf5 3. Nc3 dxc4 4. e4 Bg6 5. Bxc4 e6 6. Nge2 Bb4 7. O-O Bh5 8. f3 a6 9. Be3 c6 10. a3 Be7
11. Rc1 b5 12. Ba2 h6 13. Nf4 Bg5 14. Qe1 Bxf4 15. Bxf4 Qxd4+ 16. Be3 Qd8 17. Qg3 g5 18. Rfd1 Qe7 19. e5 Nd7 20. Ne4 Bg6
21. Nd6+ Kf8 22. Rxc6 Qd8 23. Nb7 Qe8 24. Rc7 Nb8 25. Bc5+ Kg7 26. Nd8 Nd7 27. Nxe6+ Kh7 28. Rdxd7 Qxe6 29. Bxe6
1-0

[Event "April Standard"]
[Site "SchemingMind.com"]
[Date "2008.05.10"]
[Round "-"]
[White "Luca Cassoni"]
[Black "sansubari"]
[Result "0-1"]
[WhiteCountry "ITA"]
[BlackCountry "MAS"]
[WhiteElo "1317"]
[WhiteRD "132"]
[BlackElo "1672"]
[BlackRD "92"]
[GameID "153985"]

1. e3 d5 2. Ke2 Bf5 3. d3 e6 4. Qe1 Nf6 5. Kd1 c6 6. Bd2 Nbd7 7. Be2 Qb6 8. Bc3 a5 9. Nf3 Bb4 10. a3 Bxc3
11. Qxc3 O-O-O 12. b4 a4 13. Qd4 Qxd4 14. Nxd4 Bg4 15. f3 Bh5 16. Nd2 Bg6 17. Nf1 e5 18. Nxc6 bxc6 19. Kd2 e4 20. d4 Bh5
21. Ba6+ Kb8 22. Ke2 exf3+ 23. gxf3 Ne4 24. Ng3 Nxg3+ 25. hxg3 Bg6 26. Kd2 h6 27. c3 Rhe8 28. b5 Ka7
0-1